| 000 | 00540nam a2200181 a 4500 | ||
|---|---|---|---|
| 001 | 000016002 | ||
| 005 | 20240226144733.0 | ||
| 008 | 100223s1983 dr 000 0 spa d | ||
| 040 |
_aDO-SdBNP _bspa _cBNPHU |
||
| 082 |
_axxx _bJ82n |
||
| 100 | 1 |
_aJorge Blanco, Salvador, _d1926-2010 _930551 |
|
| 245 | 1 | 3 |
_aLa nueva polĂtica forestal / _cSalvador Jorge Blanco. |
| 260 |
_aSantiago de los Caballeros _fObispado _c1983. |
||
| 300 |
_a10 p. ; _c24 cm. |
||
| 490 | 1 |
_aPlan Sierra _vno. 1 |
|
| 830 | 0 |
_aPlan Sierra _nno. 1 _935945 |
|
| 049 | _aBNPD | ||
| 999 |
_c15544 _d15544 |
||